| 000 | 00431nam a2200157 4500 | ||
|---|---|---|---|
| 001 | 140449 | ||
| 003 | ES-MaACL | ||
| 005 | 20230906200059.0 | ||
| 007 | t| | ||
| 008 | 070214s1908 sp r ||||1| ger d | ||
| 245 | 0 | 0 | _aSchweizerisches zivilgesetzbuch vom 10 dezember 1907. |
| 250 | _aausgabe in deu drei nationalsprachen. | ||
| 260 |
_aBerna : _bA. Francke, _c1908. |
||
| 300 |
_a618 p. ; _c23 cm. |
||
| 852 |
_aES-MaACL _jF-7636 |
||
| 999 |
_c140449 _d140449 |
||